[Event "DEM U14 2013"]
[Site "Oberhof GER"]
[Date "2013.05.21"]
[Round "5"]
[White "Vogel, Roven"]
[Black "Nothnagel, Marian Can"]
[Result "1-0"]
[Termination "normal"]
[Board "10"]
[WhiteElo "2065"]
[BlackElo "1785"]
[PlyCount "73"]
[WhiteFideId "12908088"]
[BlackFideId "12921530"]
[EventCountry "GER"]
[EventRounds "9"]
[EventType "swiss"]
[EventDate "2013.05.18"]

1. d4 Nf6 2. c4 g6 3. Nc3 Bg7 4. e4 d6 5. Nf3 O-O 6. Be2 e5 7. O-O Nc6 8. d5
Ne7 9. Ne1 Nd7 10. Be3 f5 11. f3 f4 12. Bf2 g5 13. Nd3 Rf6 14. Kh1 Rg6 15. c5
Nxc5 16. Nxc5 dxc5 17. Bxc5 h5 18. Rc1 g4 19. Nb5 g3 20. Nxc7 Nc6 21. Ne6 Qh4
22. h3 Kh7 23. Bc4 Na5 24. Bb3 Nxb3 25. Qxb3 a5 26. a4 b5 27. axb5 a4 28. Qc4
Bd7 29. Bd6 Re8 30. Qc7 Rexe6 31. dxe6 Bxe6 32. Be7 Rg5 33. Bxg5 Qxg5 34. Kg1
Qh4 35. b6 Bxh3 36. gxh3 g2 37. Rf2 1-0

[Event "DEM U14 2013"]
[Site "Oberhof GER"]
[Date "2013.05.21"]
[Round "5"]
[White "Nguyen, Huy Dat"]
[Black "Herzum, Peter"]
[Result "1-0"]
[Termination "normal"]
[Board "12"]
[WhiteElo "1814"]
[BlackElo "1882"]
[PlyCount "47"]
[WhiteFideId "12923486"]
[BlackFideId "12919217"]
[EventCountry "GER"]
[EventRounds "9"]
[EventType "swiss"]
[EventDate "2013.05.18"]

1. e4 c5 2. Nf3 d6 3. d4 cxd4 4. Nxd4 Nf6 5. Nc3 a6 6. Be2 e5 7. Nb3 Be7 8. Be3
O-O 9. g4 Be6 10. g5 Nfd7 11. Qd2 Nc6 12. h4 f5 13. gxf6 Nxf6 14. O-O-O a5 15.
Kb1 a4 16. Nc1 Qa5 17. Rhg1 a3 18. b3 Rfc8 19. Rg3 Nb4 20. Bh6 g6 21. Rdg1 d5
22. h5 Rxc3 23. Qxc3 Nxe4 24. Qxe5 1-0

[Event "DEM U14 2013"]
[Site "Oberhof GER"]
[Date "2013.05.21"]
[Round "5"]
[White "Riehle, Marco"]
[Black "Kololli, Martin"]
[Result "0-1"]
[Termination "normal"]
[Board "13"]
[WhiteElo "1876"]
[BlackElo "1816"]
[PlyCount "66"]
[WhiteFideId "12904392"]
[BlackFideId "12936910"]
[EventCountry "GER"]
[EventRounds "9"]
[EventType "swiss"]
[EventDate "2013.05.18"]

1. e4 e5 2. Nc3 Nf6 3. f4 d5 4. fxe5 Nxe4 5. Nf3 Be7 6. Qe2 Nxc3 7. dxc3 c5 8.
Bf4 Be6 9. O-O-O Qc7 10. Qf2 Nc6 11. Qg3 Qa5 12. Kb1 d4 13. c4 h6 14. Bd2 Qa6
15. b3 O-O-O 16. Bd3 Kb8 17. Rhf1 Ka8 18. Ne1 g6 19. a4 Qb6 20. Ka1 Qc7 21. Nf3
Bf8 22. Rde1 Bg7 23. Re2 Rde8 24. Rfe1 Re7 25. h4 Rhe8 26. Bf4 Nb4 27. Be4 Qd7
28. Nd2 Bf5 29. Kb2 d3 30. c3 dxe2 31. cxb4 Bxe5+ 32. Bxe5 Qxd2+ 33. Ka3 cxb4#
0-1

[Event "DEM U14 2013"]
[Site "Oberhof GER"]
[Date "2013.05.21"]
[Round "5"]
[White "Ehmann, Thilo"]
[Black "Herbrig, Alexander"]
[Result "1/2-1/2"]
[Termination "normal"]
[Board "14"]
[WhiteElo "1878"]
[BlackElo "1774"]
[PlyCount "63"]
[WhiteFideId "12940968"]
[BlackFideId "12952044"]
[EventCountry "GER"]
[EventRounds "9"]
[EventType "swiss"]
[EventDate "2013.05.18"]

1. e4 c5 2. Nf3 Nc6 3. d4 cxd4 4. Nxd4 Qc7 5. Nc3 e6 6. Be2 a6 7. O-O Nf6 8.
Bg5 Be7 9. Kh1 O-O 10. f4 h6 11. Bxf6 Bxf6 12. e5 Be7 13. Nxc6 dxc6 14. Ne4 c5
15. Qe1 Bd7 16. Qg3 Kh8 17. Rae1 b5 18. c3 Rab8 19. Bd3 Qa5 20. Nf6 Rfd8 21.
Nxd7 Rxd7 22. f5 Qd8 23. Re3 c4 24. Bb1 Rd1 25. Ref3 Rxf1+ 26. Rxf1 exf5 27.
Bxf5 Qd5 28. h4 Rd8 29. Bc2 Qe6 30. Bf5 Qd5 31. Bc2 Qe6 32. Bf5 1/2-1/2

[Event "DEM U14 2013"]
[Site "Oberhof GER"]
[Date "2013.05.21"]
[Round "5"]
[White "Flüchter, Gregor"]
[Black "Spitzl, Vinzent"]
[Result "1-0"]
[Termination "normal"]
[Board "15"]
[WhiteElo "2002"]
[BlackElo "1806"]
[PlyCount "49"]
[WhiteFideId "12903396"]
[BlackFideId "12901253"]
[EventCountry "GER"]
[EventRounds "9"]
[EventType "swiss"]
[EventDate "2013.05.18"]

1. e4 e5 2. Nf3 Nc6 3. Bc4 Bc5 4. b4 Bxb4 5. c3 Ba5 6. d4 exd4 7. Qb3 Qe7 8.
O-O Bb6 9. cxd4 Nxd4 10. Nxd4 Bxd4 11. Nc3 Nf6 12. Ba3 d6 13. Rad1 Bxc3 14.
Qxc3 O-O 15. Rfe1 Ng4 16. f4 Qh4 17. h3 Nh6 18. Bb2 Qf6 19. Qxf6 gxf6 20. Bxf6
Be6 21. Rd3 Ng4 22. Rg3 h5 23. Be2 Bxa2 24. hxg4 hxg4 25. Bxg4 1-0

[Event "DEM U14 2013"]
[Site "Oberhof GER"]
[Date "2013.05.21"]
[Round "5"]
[White "Lagunow, Raphael"]
[Black "Cegielka, Michael"]
[Result "1-0"]
[Termination "normal"]
[Board "16"]
[WhiteElo "1940"]
[BlackElo "1597"]
[PlyCount "75"]
[WhiteFideId "24652644"]
[BlackFideId "1270507"]
[EventCountry "GER"]
[EventRounds "9"]
[EventType "swiss"]
[EventDate "2013.05.18"]

1. e4 c5 2. c3 d5 3. exd5 Qxd5 4. Nf3 e6 5. d4 Nf6 6. Be2 Nc6 7. Be3 cxd4 8.
cxd4 Bb4+ 9. Nc3 Qa5 10. Qb3 Nd5 11. Rc1 O-O 12. O-O Nxe3 13. fxe3 Bd7 14. a3
Bxc3 15. bxc3 Rab8 16. Kh1 e5 17. Ng5 Nd8 18. Bc4 Be8 19. Rf5 b5 20. Rxe5 bxc4
21. Qxb8 Qxa3 22. Qb1 g6 23. Ne4 Bc6 24. Nc5 Nb7 25. Qa1 Qxa1 26. Rxa1 Nd6 27.
d5 Re8 28. Rxe8+ Bxe8 29. Rxa7 Nb5 30. Ra8 Kf8 31. Ne4 Nc7 32. Ra5 f5 33. d6
Nb5 34. Ra8 Kf7 35. Ng5+ Kf6 36. Rxe8 Nxd6 37. Re6+ Kxg5 38. Rxd6 1-0

[Event "DEM U14 2013"]
[Site "Oberhof GER"]
[Date "2013.05.21"]
[Round "5"]
[White "Schmekel, Florian"]
[Black "Killgus, Leonard"]
[Result "1/2-1/2"]
[Termination "normal"]
[Board "17"]
[WhiteElo "1570"]
[BlackElo "1662"]
[PlyCount "148"]
[WhiteFideId "12913456"]
[BlackFideId "12922021"]
[EventCountry "GER"]
[EventRounds "9"]
[EventType "swiss"]
[EventDate "2013.05.18"]

1. d4 Nf6 2. c4 g6 3. Nc3 d5 4. Nf3 Bg7 5. Bg5 Ne4 6. cxd5 Nxg5 7. Nxg5 c6 8.
Nf3 cxd5 9. Qb3 Nc6 10. e3 O-O 11. Qxd5 Be6 12. Qxd8 Rfxd8 13. Be2 Rac8 14. O-O
Nb4 15. a3 Nd5 16. Nxd5 Bxd5 17. Rac1 Bxf3 18. Bxf3 e5 19. Rxc8 Rxc8 20. dxe5
Bxe5 21. b3 Rc3 22. Bd5 Kf8 23. Rd1 Ke7 24. g3 b6 25. Bc4 h6 26. a4 f6 27. Bb5
Rc7 28. Kg2 Bd6 29. h4 Rc5 30. Rd4 Rc7 31. Re4+ Kf7 32. Be8+ Kg7 33. Rg4 g5 34.
hxg5 hxg5 35. Bb5 Be7 36. Rd4 Bc5 37. Rd1 Be7 38. Kf3 Kg6 39. Rd5 Bc5 40. Rd1
Re7 41. Bc4 Rc7 42. Rc1 Re7 43. a5 Kg7 44. axb6 Bxb6 45. Rc2 Rd7 46. Re2 Re7
47. e4 Re5 48. Bd3 Re7 49. Kg4 Bc7 50. f4 gxf4 51. gxf4 f5+ 52. Kxf5 Rf7+ 53.
Ke6 Rxf4 54. e5 Kf8 55. Bb5 Rf7 56. Kd5 Rf5 57. Bd7 Rh5 58. Kd4 Ke7 59. e6 Rg5
60. Re1 Bb6+ 61. Kc4 Rc5+ 62. Kd3 Rg5 63. Rh1 Rg7 64. Rh8 Bg1 65. Re8+ Kd6 66.
b4 Bb6 67. b5 Bg1 68. Rf8 Ke7 69. Rf5 Kd6 70. Rf1 Bb6 71. Rd1 Rg4 72. Rc1 Ke7
73. Bc8 Kd6 74. Ke2 Rg3 1/2-1/2

[Event "DEM U14 2013"]
[Site "Oberhof GER"]
[Date "2013.05.21"]
[Round "5"]
[White "Berezhnoy, Alex"]
[Black "Goderbauer, Benedikt"]
[Result "1/2-1/2"]
[Termination "normal"]
[Board "18"]
[WhiteElo "1719"]
[BlackElo "1738"]
[PlyCount "89"]
[WhiteFideId "12918997"]
[BlackFideId "12967467"]
[EventCountry "GER"]
[EventRounds "9"]
[EventType "swiss"]
[EventDate "2013.05.18"]

1. e4 g6 2. d4 Bg7 3. Nc3 c6 4. Nf3 d5 5. Be2 h5 6. Be3 Bg4 7. Qd2 e6 8. O-O-O
Nh6 9. h3 Bxf3 10. gxf3 Nd7 11. Kb1 a6 12. Rhg1 Bf8 13. Bd3 Ng8 14. Ne2 Ne7 15.
c4 Nb6 16. cxd5 cxd5 17. Bg5 Nc4 18. Bxc4 dxc4 19. d5 exd5 20. exd5 Qd7 21. Nc3
Bg7 22. Rge1 Bxc3 23. Qxc3 O-O 24. Rxe7 Qf5+ 25. Ka1 Qxg5 26. Rxb7 Qh4 27. a3
Qxh3 28. Qxc4 Qxf3 29. Rd2 Rfd8 30. Rc7 Rd6 31. Rc6 Rad8 32. Rxd6 Rxd6 33. Qc5
Qf4 34. Re2 Rd8 35. Qc6 Qd6 36. Qxd6 Rxd6 37. Rd2 f5 38. Ka2 Kf7 39. Kb3 Ke7
40. Kc4 g5 41. Re2+ Kd7 42. Kd4 Rf6 43. Ke5 Rf8 44. Rc2 h4 45. Rc3 1/2-1/2

[Event "DEM U14 2013"]
[Site "Oberhof GER"]
[Date "2013.05.21"]
[Round "5"]
[White "Scheinhütte, Jakob"]
[Black "Tiarks, Jann-Christian"]
[Result "1/2-1/2"]
[Termination "normal"]
[Board "19"]
[WhiteElo "1722"]
[BlackElo "1535"]
[PlyCount "95"]
[WhiteFideId "24693944"]
[BlackFideId "12951595"]
[EventCountry "GER"]
[EventRounds "9"]
[EventType "swiss"]
[EventDate "2013.05.18"]

1. e4 e5 2. Nf3 Nc6 3. Bb5 a6 4. Ba4 Nf6 5. O-O Nxe4 6. d4 b5 7. Bb3 d5 8. dxe5
Be6 9. c3 Be7 10. Nbd2 Nc5 11. Bc2 Bg4 12. h3 Bh5 13. Re1 O-O 14. Nf1 Bg6 15.
Ne3 Bxc2 16. Nxc2 Ne6 17. Ncd4 Ncxd4 18. Nxd4 Nxd4 19. cxd4 c6 20. Qg4 Qc8 21.
Qg3 Qf5 22. Be3 Rac8 23. Rac1 a5 24. Re2 Rc7 25. Bh6 Qg6 26. Qxg6 hxg6 27. Bf4
c5 28. dxc5 Rxc5 29. Rd1 b4 30. b3 Rfc8 31. Kf1 Kf8 32. Red2 Rd8 33. Ke2 f6 34.
Kf3 Kf7 35. Be3 Rb5 36. Bd4 Bc5 37. exf6 gxf6 38. g4 g5 39. Bxc5 Rxc5 40. Kg3
Rc3+ 41. Rd3 d4 42. f4 Rh8 43. fxg5 fxg5 44. Kg2 Rc2+ 45. R1d2 Rc3 46. Rxd4
Rcxh3 47. R4d3 Rh2+ 48. Kf3 1/2-1/2

[Event "DEM U14 2013"]
[Site "Oberhof GER"]
[Date "2013.05.21"]
[Round "5"]
[White "Lai Hop, Long"]
[Black "Gröbel, Aaron"]
[Result "1/2-1/2"]
[Termination "normal"]
[Board "21"]
[WhiteElo "1659"]
[BlackElo "1720"]
[PlyCount "107"]
[WhiteFideId "12942707"]
[BlackFideId "12914851"]
[EventCountry "GER"]
[EventRounds "9"]
[EventType "swiss"]
[EventDate "2013.05.18"]

1. e4 e5 2. Nf3 Nc6 3. Bb5 a6 4. Ba4 Nf6 5. d3 b5 6. Bb3 Bc5 7. c3 d6 8. a4 Bb7
9. O-O O-O 10. Re1 Ne7 11. Nbd2 Ng6 12. Nf1 Nh5 13. d4 Bb6 14. dxe5 dxe5 15.
Nxe5 Qxd1 16. Bxd1 Nxe5 17. Bxh5 bxa4 18. Be3 Nd3 19. Re2 Bxe3 20. Nxe3 Nf4 21.
Rd2 Nxh5 22. Rxa4 h6 23. e5 Rfd8 24. Rxd8+ Rxd8 25. g4 Rd2 26. Rb4 Bf3 27. gxh5
Bxh5 28. Kg2 Bg6 29. b3 Kf8 30. Rc4 c6 31. Kg3 h5 32. h4 a5 33. Rxc6 Rb2 34.
Nc4 Rxb3 35. Nxa5 Rb1 36. Rc7 Rg1+ 37. Kh2 Rg4 38. Rc4 Be4 39. Kh3 Bg2+ 40. Kh2
Be4 41. f3 Bxf3 42. Rxg4 Bxg4 43. Kg3 Ke7 44. Kf4 f6 45. Nc6+ Ke6 46. c4 Bh3
47. Nd4+ Kd7 48. c5 Bg4 49. Ke4 g5 50. c6+ Ke7 51. Nf5+ Ke6 52. Nd4+ Ke7 53.
Kd5 fxe5 54. Kxe5 1/2-1/2

[Event "DEM U14 2013"]
[Site "Oberhof GER"]
[Date "2013.05.21"]
[Round "5"]
[White "Venukumar, Danny"]
[Black "Karsay, Pascal"]
[Result "1/2-1/2"]
[Termination "normal"]
[Board "22"]
[WhiteElo "1470"]
[BlackElo "1693"]
[PlyCount "80"]
[WhiteFideId "12939811"]
[BlackFideId "12953474"]
[EventCountry "GER"]
[EventRounds "9"]
[EventType "swiss"]
[EventDate "2013.05.18"]

1. Nf3 d6 2. b3 e5 3. Bb2 g6 4. d3 Bg7 5. Nbd2 Ne7 6. e4 Nd7 7. g3 c6 8. Nc4
Nb6 9. Ncd2 Qc7 10. Bg2 h6 11. O-O O-O 12. h3 f5 13. Nh2 f4 14. g4 g5 15. a3
Be6 16. Rb1 Ng6 17. Ndf3 Bf6 18. a4 a5 19. Ba3 Rfd8 20. Nd2 Qh7 21. Bb2 Kf7 22.
Ba3 c5 23. Re1 Rh8 24. Bf3 Nh4 25. Nc4 Nxf3+ 26. Qxf3 Nc8 27. Qg2 h5 28. f3
hxg4 29. hxg4 b6 30. Nd2 Bd8 31. c4 Ne7 32. Bb2 Nc6 33. Bc3 Nb4 34. Bxb4 axb4
35. Re2 Bc7 36. Nhf1 Qg6 37. Nh2 Rh4 38. Ndf1 Rah8 39. Rbb2 Qh6 40. Ra2 Ra8
1/2-1/2

[Event "DEM U14 2013"]
[Site "Oberhof GER"]
[Date "2013.05.22"]
[Round "6"]
[White "Perske, Thore"]
[Black "Kololli, Kevin"]
[Result "1-0"]
[Termination "normal"]
[Board "1"]
[WhiteElo "2158"]
[BlackElo "1827"]
[PlyCount "115"]
[WhiteFideId "12902195"]
[BlackFideId "12936863"]
[EventCountry "GER"]
[EventRounds "9"]
[EventType "swiss"]
[EventDate "2013.05.18"]

1. e4 c5 2. Nf3 d6 3. d4 cxd4 4. Nxd4 Nf6 5. Nc3 g6 6. Be3 Bg7 7. f3 O-O 8. Bc4
Nc6 9. Qd2 Nxd4 10. Bxd4 Be6 11. Bxe6 fxe6 12. O-O-O Qa5 13. h4 Rac8 14. Kb1
Rc4 15. Qd3 Rfc8 16. Ne2 b5 17. c3 R4c6 18. a3 a6 19. g4 e5 20. Be3 d5 21. Ng3
Rd6 22. Qe2 dxe4 23. fxe4 Qa4 24. Rxd6 exd6 25. Bg5 Qb3 26. Bxf6 Bxf6 27. Qd3
Qe6 28. g5 Be7 29. Rf1 h6 30. h5 Bxg5 31. hxg6 Kg7 32. Nf5+ Kxg6 33. Rd1 Rd8
34. Qh3 Kh7 35. Rd5 Rd7 36. Qd3 Be7 37. a4 bxa4 38. Qxa6 Qg6 39. Qxa4 Rb7 40.
Qc2 Bf8 41. b4 Qg1+ 42. Kb2 Ra7 43. Ra5 Rb7 44. Ra8 Ra7 45. Rxa7+ Qxa7 46. Qd2
Qb7 47. Qd3 Kg6 48. b5 d5 49. exd5 e4 50. Qxe4 Qxb5+ 51. Kc2 Kg5 52. Nh4 Bc5
53. Nf3+ Kf6 54. Ne5 h5 55. Qf4+ Ke7 56. Qf7+ Kd6 57. Nc4+ Qxc4 58. Qe6+ 1-0

[Event "DEM U14 2013"]
[Site "Oberhof GER"]
[Date "2013.05.22"]
[Round "6"]
[White "Pallas, Sebastian"]
[Black "Sawlin, Leonid"]
[Result "0-1"]
[Termination "normal"]
[Board "2"]
[WhiteElo "1897"]
[BlackElo "1952"]
[PlyCount "44"]
[WhiteFideId "12905453"]
[BlackFideId "4689542"]
[EventCountry "GER"]
[EventRounds "9"]
[EventType "swiss"]
[EventDate "2013.05.18"]

1. e4 e6 2. d4 d5 3. Nd2 Nf6 4. e5 Nfd7 5. Bd3 c5 6. c3 Nc6 7. Ne2 cxd4 8. cxd4
f6 9. exf6 Qxf6 10. Nf3 h6 11. O-O Bd6 12. Ng3 O-O 13. Bb1 Rf7 14. Nh5 Qd8 15.
g3 Nf8 16. Nh4 e5 17. dxe5 Nxe5 18. f4 Bc5+ 19. Kg2 Bg4 20. Qc2 Ned7 21. Nxg7
Rxg7 22. f5 Qxh4 0-1

[Event "DEM U14 2013"]
[Site "Oberhof GER"]
[Date "2013.05.22"]
[Round "6"]
[White "Gretz, Denis"]
[Black "Kollars, Dmitrij"]
[Result "1-0"]
[Termination "normal"]
[Board "3"]
[WhiteElo "1912"]
[BlackElo "2027"]
[PlyCount "61"]
[WhiteFideId "12945188"]
[BlackFideId "12909572"]
[EventCountry "GER"]
[EventRounds "9"]
[EventType "swiss"]
[EventDate "2013.05.18"]

1. e4 c5 2. d4 cxd4 3. c3 dxc3 4. Nxc3 Nc6 5. Bc4 e6 6. Nf3 a6 7. O-O Nge7 8.
Bg5 f6 9. Be3 Ng6 10. Bb3 b5 11. Nd5 Rb8 12. Rc1 Be7 13. Nxe7 Ngxe7 14. Qd6 Rb7
15. Rfd1 Qc7 16. Qc5 Qb8 17. Qh5+ g6 18. Qh6 Kf7 19. Bf4 Qa7 20. e5 Nf5 21. Qh3
Qb8 22. g4 Nfe7 23. Rd6 f5 24. Qh6 Ke8 25. Ng5 Nd8 26. Nxh7 Kf7 27. Bg5 Rc7 28.
Rxc7 Qxc7 29. Bf6 Rg8 30. Ng5+ Ke8 31. Qh7 1-0

[Event "DEM U14 2013"]
[Site "Oberhof GER"]
[Date "2013.05.22"]
[Round "6"]
[White "Höglauer, Patrick"]
[Black "Bergauz, Noam"]
[Result "1-0"]
[Termination "normal"]
[Board "4"]
[WhiteElo "1928"]
[BlackElo "1900"]
[PlyCount "69"]
[WhiteFideId "1270548"]
[BlackFideId "12938033"]
[EventCountry "GER"]
[EventRounds "9"]
[EventType "swiss"]
[EventDate "2013.05.18"]

1. d4 Nf6 2. Nc3 g6 3. e4 d6 4. Be3 Bg7 5. Qd2 O-O 6. f3 e5 7. d5 c6 8. O-O-O
c5 9. Bh6 Nh5 10. g4 Nf4 11. Bxg7 Kxg7 12. h4 a6 13. Nce2 Nxe2+ 14. Nxe2 h6 15.
Ng3 b5 16. Be2 Qf6 17. Qe1 Bd7 18. Kb1 a5 19. Qg1 Na6 20. g5 hxg5 21. hxg5 Qf4
22. Rh7+ Kg8 23. Qh2 Qxg5 24. Rg1 a4 25. Rh8+ Kg7 26. Nh5+ Kxh8 27. Rxg5 Be8
28. Ng3+ Kg7 29. Nf5+ Kf6 30. Qh6 Rg8 31. Nxd6 Bd7 32. Qh4 Rh8 33. Rf5+ Kg7 34.
Rxf7+ Kg8 35. Qxh8+ 1-0

[Event "DEM U14 2013"]
[Site "Oberhof GER"]
[Date "2013.05.22"]
[Round "6"]
[White "Rausch, Adrian"]
[Black "Baskin, Robert"]
[Result "1/2-1/2"]
[Termination "normal"]
[Board "5"]
[WhiteElo "1750"]
[BlackElo "2157"]
[PlyCount "78"]
[WhiteFideId "12929069"]
[BlackFideId "24662402"]
[EventCountry "GER"]
[EventRounds "9"]
[EventType "swiss"]
[EventDate "2013.05.18"]

1. d4 Nf6 2. c4 e6 3. g3 c5 4. d5 exd5 5. cxd5 d6 6. Nc3 g6 7. Bg2 Bg7 8. Nf3
O-O 9. O-O a6 10. a4 Nbd7 11. Nd2 Re8 12. h3 Qc7 13. Nc4 Nb6 14. Na3 Bd7 15. e4
Re7 16. Bf4 Nh5 17. Bg5 Re5 18. f4 Rxg5 19. fxg5 Nxg3 20. Rf3 Be5 21. a5 Nc8
22. Nc4 Bd4+ 23. Kh2 Nh5 24. Qf1 Be8 25. h4 Qe7 26. Ne2 Bg7 27. Ng3 Nxg3 28.
Rxg3 Bb5 29. Rb3 h6 30. gxh6 Bxh6 31. Rh3 Bd7 32. Qf2 Bxh3 33. Kxh3 Qd7+ 34.
Kh2 Qg4 35. Rf1 Qd7 36. e5 dxe5 37. Nxe5 Qc7 38. Qxf7+ Qxf7 39. Nxf7 Bf8
1/2-1/2

[Event "DEM U14 2013"]
[Site "Oberhof GER"]
[Date "2013.05.22"]
[Round "6"]
[White "Hartge, Gedeon"]
[Black "Vogel, Roven"]
[Result "0-1"]
[Termination "normal"]
[Board "6"]
[WhiteElo "1781"]
[BlackElo "2065"]
[PlyCount "64"]
[WhiteFideId "12932116"]
[BlackFideId "12908088"]
[EventCountry "GER"]
[EventRounds "9"]
[EventType "swiss"]
[EventDate "2013.05.18"]

1. d4 d5 2. c4 e6 3. Nf3 Nf6 4. Bg5 Be7 5. Nc3 c6 6. e3 Nbd7 7. Bd3 O-O 8. O-O
h6 9. Bh4 dxc4 10. Bxc4 b5 11. Bd3 a6 12. Bxf6 Bxf6 13. Ne4 Be7 14. Rc1 Bb7 15.
Qe2 Qb6 16. Rfd1 f5 17. Ned2 c5 18. dxc5 Nxc5 19. Bb1 Bf6 20. Nd4 Bd5 21. b3
Rac8 22. Nf1 Ne4 23. Bxe4 Bxe4 24. Rxc8 Rxc8 25. Ng3 Bb7 26. Nh5 Bxd4 27. exd4
Be4 28. Nf4 Rc2 29. Rd2 Rc1+ 30. Rd1 Qc6 31. f3 Qc3 32. Nxe6 Bd3 0-1

[Event "DEM U14 2013"]
[Site "Oberhof GER"]
[Date "2013.05.22"]
[Round "6"]
[White "Kitze, Alexander"]
[Black "Urban, Konstantin"]
[Result "0-1"]
[Termination "normal"]
[Board "7"]
[WhiteElo "1992"]
[BlackElo "1819"]
[PlyCount "80"]
[WhiteFideId "12914827"]
[BlackFideId "12927511"]
[EventCountry "GER"]
[EventRounds "9"]
[EventType "swiss"]
[EventDate "2013.05.18"]

1. e4 c5 2. Nf3 d6 3. d4 cxd4 4. Nxd4 Nf6 5. Nc3 a6 6. Be3 Ng4 7. Bg5 h6 8. Bh4
g5 9. Bg3 Bg7 10. h3 Ne5 11. Nf5 Bxf5 12. exf5 Nbd7 13. Be2 Rc8 14. O-O O-O 15.
Nd5 Nb6 16. c3 Nxd5 17. Qxd5 Qb6 18. Qd2 Bf6 19. Rad1 Nc4 20. Bxc4 Rxc4 21. Kh1
Rc5 22. Qc2 Qa5 23. Qe4 Qxa2 24. f4 Qxb2 25. fxg5 hxg5 26. h4 Qxc3 27. hxg5
Bxg5 28. Qg4 Qh8+ 29. Bh2 Qh4 30. Qf3 Rc4 31. Kg1 b5 32. Qb7 Be3+ 33. Kh1 Bf4
34. g3 Bxg3 35. Rd2 Rg4 36. Qf3 Rf4 37. Rg2 Rxf3 38. Rxf3 Qxh2+ 39. Rxh2 Bxh2
40. Kxh2 Kg7 0-1

[Event "DEM U14 2013"]
[Site "Oberhof GER"]
[Date "2013.05.22"]
[Round "6"]
[White "Greßmann, Moritz"]
[Black "Ovsepyan, Arshak"]
[Result "1-0"]
[Termination "normal"]
[Board "8"]
[WhiteElo "1883"]
[BlackElo "1997"]
[PlyCount "61"]
[WhiteFideId "24695084"]
[BlackFideId "24690236"]
[EventCountry "GER"]
[EventRounds "9"]
[EventType "swiss"]
[EventDate "2013.05.18"]

1. e4 e6 2. c4 c5 3. Nc3 Nc6 4. d3 d6 5. Nf3 g6 6. Be2 Bg7 7. O-O Nge7 8. Be3
O-O 9. d4 cxd4 10. Nxd4 a6 11. Rb1 Qc7 12. f4 Nxd4 13. Bxd4 e5 14. fxe5 dxe5
15. Bf2 Be6 16. Nd5 Bxd5 17. exd5 Qd7 18. Re1 f5 19. d6 Nc6 20. c5 Rae8 21. b4
e4 22. b5 axb5 23. Rxb5 Kh8 24. Qb1 Rb8 25. Bc4 Rfe8 26. Bd5 Bd4 27. Bxd4+ Nxd4
28. Rxb7 Rxb7 29. Qxb7 Qxb7 30. Bxb7 Rd8 31. c6 1-0

[Event "DEM U14 2013"]
[Site "Oberhof GER"]
[Date "2013.05.22"]
[Round "6"]
[White "Kololli, Martin"]
[Black "Schmidt, Tobias"]
[Result "1-0"]
[Termination "normal"]
[Board "9"]
[WhiteElo "1816"]
[BlackElo "1924"]
[PlyCount "81"]
[WhiteFideId "12936910"]
[BlackFideId "1271683"]
[EventCountry "GER"]
[EventRounds "9"]
[EventType "swiss"]
[EventDate "2013.05.18"]

1. e4 e6 2. d4 d5 3. Nd2 c5 4. c3 cxd4 5. cxd4 Nc6 6. Ngf3 dxe4 7. Nxe4 Be7 8.
Bd3 Nf6 9. Nc3 Nb4 10. Bb1 O-O 11. O-O Bd7 12. a3 Nbd5 13. Qd3 Bc6 14. Ne5 Rc8
15. Nxc6 Rxc6 16. Bg5 g6 17. Bh6 Re8 18. Qf3 Qb6 19. Nxd5 Nxd5 20. Be4 Rd6 21.
Rfd1 Red8 22. Rac1 R6d7 23. Rc2 Nf6 24. Be3 Nxe4 25. Qxe4 Bf6 26. Rcd2 Rd5 27.
h3 R8d7 28. Rc1 Qd6 29. Bf4 Rxd4 30. Rc8+ Bd8 31. Rxd4 Qxd4 32. Qxd4 Rxd4 33.
Bg5 Kg7 34. Rxd8 Rc4 35. Be3 a6 36. Rd7 b5 37. Rd6 Ra4 38. Bd4+ Kh6 39. Bc3 Rc4
40. Rxa6 Rc5 41. a4 1-0

[Event "DEM U14 2013"]
[Site "Oberhof GER"]
[Date "2013.05.22"]
[Round "6"]
[White "Schröder, Kevin"]
[Black "Nguyen, Huy Dat"]
[Result "0-1"]
[Termination "normal"]
[Board "10"]
[WhiteElo "2046"]
[BlackElo "1814"]
[PlyCount "66"]
[WhiteFideId "12929840"]
[BlackFideId "12923486"]
[EventCountry "GER"]
[EventRounds "9"]
[EventType "swiss"]
[EventDate "2013.05.18"]

1. e4 c5 2. Nf3 d6 3. d4 cxd4 4. Nxd4 Nf6 5. Nc3 a6 6. Bg5 e6 7. f4 Be7 8. Qf3
Qc7 9. O-O-O Nbd7 10. g4 h6 11. Bxf6 Bxf6 12. h4 Qb6 13. Nce2 Be7 14. g5 hxg5
15. hxg5 Rxh1 16. Qxh1 Nc5 17. Qh7 Bf8 18. g6 Qc7 19. f5 e5 20. Nc3 exd4 21.
Nd5 Qd8 22. gxf7+ Kd7 23. Qg8 Kc6 24. b4 Nxe4 25. f6 Kxd5 26. Kb2 Nxf6 27. Re1
Kc6 28. Bg2+ Kc7 29. Re8 Nxe8 30. Qxf8 Be6 31. fxe8=R Qxe8 32. Qxg7+ Bd7 33.
Qxd4 Qe5 0-1

[Event "DEM U14 2013"]
[Site "Oberhof GER"]
[Date "2013.05.22"]
[Round "6"]
[White "Ehmann, Thilo"]
[Black "Mager, Denis"]
[Result "1-0"]
[Termination "normal"]
[Board "11"]
[WhiteElo "1878"]
[BlackElo "2006"]
[PlyCount "55"]
[WhiteFideId "12940968"]
[BlackFideId "24691127"]
[EventCountry "GER"]
[EventRounds "9"]
[EventType "swiss"]
[EventDate "2013.05.18"]

1. e4 d5 2. exd5 Qxd5 3. Nc3 Qa5 4. Bc4 Nf6 5. Nf3 Nc6 6. d4 Bg4 7. h3 Bh5 8.
g4 Bg6 9. Bd2 Nb4 10. Bb3 Qa6 11. a3 Nc6 12. d5 Na5 13. Ba4+ c6 14. b4 b5 15.
Qe2 Nc4 16. dxc6 bxa4 17. b5 Qc8 18. Qxc4 Bxc2 19. Nxa4 Be4 20. Qe2 Qb8 21. Nc3
Bxf3 22. Qxf3 Qe5+ 23. Qe3 Qxe3+ 24. Bxe3 e6 25. g5 Nd5 26. Nxd5 exd5 27. Ke2
Be7 28. Rhd1 1-0

[Event "DEM U14 2013"]
[Site "Oberhof GER"]
[Date "2013.05.22"]
[Round "6"]
[White "Rinck, Michael"]
[Black "Flüchter, Gregor"]
[Result "0-1"]
[Termination "normal"]
[Board "12"]
[WhiteElo "1820"]
[BlackElo "2002"]
[PlyCount "76"]
[WhiteFideId "24690104"]
[BlackFideId "12903396"]
[EventCountry "GER"]
[EventRounds "9"]
[EventType "swiss"]
[EventDate "2013.05.18"]

1. e4 c5 2. d4 cxd4 3. c3 Nf6 4. e5 Nd5 5. cxd4 Nc6 6. Nf3 d6 7. Bc4 Nb6 8. Bb5
dxe5 9. Nxe5 Bd7 10. Nxd7 Qxd7 11. Nc3 e6 12. O-O Be7 13. Qg4 O-O 14. Bh6 Qxd4
15. Qxd4 Nxd4 16. Bf4 Nxb5 17. Nxb5 Nd5 18. Bd6 Bxd6 19. Nxd6 b6 20. Rac1 Rfd8
21. Nb5 a6 22. Nc7 Nxc7 23. Rxc7 Rac8 24. Rb7 Rd6 25. g3 g6 26. a4 Rc4 27. b3
Rb4 28. Rb1 Rd3 29. Ra7 a5 30. Rc1 Rbxb3 31. f4 Rb2 32. Rac7 Rdd2 33. h4 Rg2+
34. Kh1 Rxg3 35. R1c2 Rxc2 36. Rxc2 Rb3 37. Ra2 Rb4 38. Kg2 Rxf4 0-1